Statistics for Formula one drivers by picture 5

Click here to take the quiz!

General Stats

  • This quiz has been taken 262 times
  • The average score is 8 of 16

Answer Stats

Answer% Correct
George Russell
94%
Alexander Albon
92%
Carlos Sainz jr
91%
Jackie Stewart
91%
Jules Bianchi
69%
Jim Clark
62%
Alberto Ascari
58%
Stirling Moss
49%
Alan Jones
44%
Jody Scheckter
42%
Carlos Reutemann
35%
Timo Glock
26%
Alex Zanardi
25%
Alexander Wurz
20%
JJ Lehto
17%
Ukyo Katayama
14%

Score Distribution

Percentile by Number Answered

Percent of People with Each Score

Your Score History

You have not taken this quiz